| 000 -CABECERA |
| Longitud fija campo de control |
00951cam a22003017i 4500 |
| 001 - NÚMERO DE CONTROL |
| Número de control |
991061052718806706 |
| 003 - IDENTIFICADOR DEL NÚMERO DE CONTROL |
| Identificador del número de control |
OSt |
| 005 - FECHA Y HORA DE LA ÚLTIMA TRANSACCIÓN |
| Fecha y hora de la última transacción |
20231214163435.0 |
| 008 - CÓDIGOS DE INFORMACIÓN DE LONGITUD FIJA |
| Códigos de información de longitud fija |
231117e202311 sp ||| 0acat d |
| 020 ## - NÚMERO INTERNACIONAL NORMALIZADO PARA LIBROS |
| Número Internacional Normalizado para Libros (ISBN) |
9788429781489 |
| 035 ## - NÚMERO DE CONTROL DEL SISTEMA |
| Número de control del sistema |
(OCoLC)1409785016 |
| 035 ## - NÚMERO DE CONTROL DEL SISTEMA |
| Número de control del sistema |
(OCoLC)on1409785016 |
| 040 ## - FUENTE DE LA CATALOGACIÓN |
| Centro catalogador de origen |
ES-BaUAB |
| Lengua de catalogación |
cat |
| Normas de descripción |
rda |
| Centro transcriptor |
CDMR |
| 050 #4 - SIGNATURA TOPOGRÁFICA DE LA BIBLIOTECA DEL CONGRESO |
| Número de clasificación |
N |
| 100 1# - PUNTO DE ACCESO PRINCIPAL-NOMBRE DE PERSONA |
| Nombre de persona |
Giralt-Miracle, Daniel, |
| 245 10 - MENCIÓN DE TÍTULO |
| Título |
Guspires de memòria : |
| Resto del título |
una vida dedicada a l'art / |
| Mención de responsabilidad, etc. |
Daniel Giralt-Miracle. |
| 264 #1 - PRODUCCIÓN, PUBLICACIÓN , DISTRIBUCIÓN, FABRICACIÓN Y COPYRIGHT |
| Lugar de producción, publicación, distribución, fabricación |
Barcelona : |
| Nombre del productor, editor, distribuidor, fabricante |
Edicions 62, |
| Fecha de de producción, publicación, distribución, fabricación o copyright |
2023 |
| 300 ## - DESCRIPCIÓN FÍSICA |
| Extensión |
325 pàgines., [16] fulls de làmines. : |
| Otras características físicas |
il·lustracions. ; |
| Dimensiones |
24 cm |
| 490 1# - MENCIÓN DE SERIE |
| Mención de serie |
Biografies i memòries |
| 504 ## - NOTA DE BIBLIOGRAFÍA, ETC |
| Nota de bibliografía, etc. |
Bibliografia |
| 600 17 - PUNTO DE ACCESO ADICIONAL DE MATERIA - NOMBRE DE PERSONA |
| Nombre de persona |
Giralt-Miracle, Daniel, |
| 650 #7 - PUNTO DE ACCESO ADICIONAL DE MATERIA - TÉRMINO DE MATERIA |
| Término de materia o nombre geográfico como elemento inicial |
Crítics d'art |
| Subdivisión geográfica |
Catalunya |
| Subdivisión cronológica |
S. XX |
| Subdivisión de forma |
Biografia |
| Fuente del encabezamiento o término |
lemac |
| 650 #0 - PUNTO DE ACCESO ADICIONAL DE MATERIA - TÉRMINO DE MATERIA |
| Término de materia o nombre geográfico como elemento inicial |
Periodistes catalans |
| Subdivisión de forma |
Biografia |
| 9 (RLIN) |
3139 |
| 830 #0 - PUNTO DE ACCESO ADICIONAL DE SERIE - TÍTULO UNIFORME |
| Título uniforme |
Biografies i memòries. |
| 908 ## - CONTROL DE PARÁMETROS (RLIN) |
| Parametro de comando lanzado |
UAB |
| -- |
BMON |
| -- |
BAB |
| 940 ## - |
| T&íacute;tulo uniforme |
<a href="OCLC">OCLC</a> |
| 942 ## - ENTRADA DE ELEMENTOS AGREGADOS (KOHA) |
| Fuente de clasificaión o esquema |
|
| Koha [por defecto] tipo de item |
Monografies |